Potřeba výuky politických věd ve studijním programu veřejná správa

Výučba politických vied v študijnom programe verejná správa. Prínos dôležitých poznatkov pre študentov verejnej správy. Potreba výučby politických vied.

Enregistré dans:
Détails bibliographiques
Auteur principal: Liďák, Ján
Autres auteurs: Srb, Vladimír
Format: Chapitre de livre
Langue:tchèque
Sujets:
Tags: Ajouter un tag
Pas de tags, Soyez le premier à ajouter un tag!

MARC

LEADER 00000naa$a2200000$$$4500
001 0074266
005 20240502071859.0
041 0 |a cze 
044 |a SK 
245 1 0 |a Potřeba výuky politických věd ve studijním programu veřejná správa  |c Ján Liďák, Vladimír Srb 
520 |a Výučba politických vied v študijnom programe verejná správa. Prínos dôležitých poznatkov pre študentov verejnej správy. Potreba výučby politických vied. 
610 2 0 |a veda 
610 2 0 |a politika 
610 2 0 |a správa verejná 
610 2 0 |a školy vysoké 
610 2 0 |a programy študijné 
100 1 |a Liďák, Ján 
700 1 |a Srb, Vladimír